<?xml version="1.0" encoding="UTF-8"?>
<record
    xmlns:xsi="http://www.w3.org/2001/XMLSchema-instance"
    xsi:schemaLocation="http://www.loc.gov/MARC21/slim http://www.loc.gov/standards/marcxml/schema/MARC21slim.xsd"
    xmlns="http://www.loc.gov/MARC21/slim">

  <leader>01033nam a2200229Ia 4500</leader>
  <controlfield tag="008">120626s2001    mx a          000 0 spa d</controlfield>
  <datafield tag="020" ind1=" " ind2=" ">
    <subfield code="a">9682462495</subfield>
  </datafield>
  <datafield tag="050" ind1=" " ind2=" ">
    <subfield code="a">HF5549.5T7 </subfield>
    <subfield code="b">G73 2001 </subfield>
  </datafield>
  <datafield tag="100" ind1=" " ind2=" ">
    <subfield code="a">Garrido Land&#xED;var, Emilio</subfield>
    <subfield code="9">8169</subfield>
  </datafield>
  <datafield tag="245" ind1=" " ind2=" ">
    <subfield code="a">Capacitaci&#xF3;n y desarrollo de personal /  Jaime A. Grados</subfield>
    <subfield code="c">autor</subfield>
  </datafield>
  <datafield tag="250" ind1=" " ind2=" ">
    <subfield code="a">2a. ed.</subfield>
  </datafield>
  <datafield tag="260" ind1=" " ind2=" ">
    <subfield code="a">M&#xE9;xico</subfield>
    <subfield code="b">: Trillas</subfield>
    <subfield code="c">2001</subfield>
  </datafield>
  <datafield tag="300" ind1=" " ind2=" ">
    <subfield code="a">361 p&#xE1;ginas </subfield>
  </datafield>
  <datafield tag="336" ind1=" " ind2=" ">
    <subfield code="a">texto</subfield>
  </datafield>
  <datafield tag="337" ind1=" " ind2=" ">
    <subfield code="a">sin medio</subfield>
  </datafield>
  <datafield tag="338" ind1=" " ind2=" ">
    <subfield code="a">volumen</subfield>
  </datafield>
  <datafield tag="505" ind1=" " ind2=" ">
    <subfield code="a">Contenido:
Pr&#xF3;logo --- 1. Organizaci&#xF3;n de la capacitaci&#xF3;n --- 2. T&#xE9;cnicas de ense&#xF1;anza - aprendizaje --- 3. Apoyos did&#xE1;cticos --- 4. Antecedentes y marco legal del proceso de capacitaci&#xF3;n --- 5. Planeaci&#xF3;n de la capacitaci&#xF3;n --- 6. Evaluaci&#xF3;n y seguimiento de la capacitaci&#xF3;n --- 7. Consejos pr&#xE1;cticos para el instructor --- Bibliograf&#xED;a --- &#xCD;ndice anal&#xED;tico.</subfield>
  </datafield>
  <datafield tag="519" ind1=" " ind2=" ">
    <subfield code="a">Material complementario</subfield>
    <subfield code="d">(11 007182)</subfield>
  </datafield>
  <datafield tag="650" ind1=" " ind2=" ">
    <subfield code="a">EMPLEADOS</subfield>
    <subfield code="x">CAPACITACI&#xD3;N DE</subfield>
    <subfield code="9">2193</subfield>
  </datafield>
  <datafield tag="650" ind1=" " ind2=" ">
    <subfield code="a">ADMINISTRACI&#xD3;N DE PERSONAL</subfield>
    <subfield code="9">1157</subfield>
  </datafield>
  <datafield tag="942" ind1=" " ind2=" ">
    <subfield code="c">LB</subfield>
  </datafield>
  <datafield tag="952" ind1=" " ind2=" ">
    <subfield code="0">0</subfield>
    <subfield code="1">0</subfield>
    <subfield code="2">lcc</subfield>
    <subfield code="4">0</subfield>
    <subfield code="7">0</subfield>
    <subfield code="a">22</subfield>
    <subfield code="b">22</subfield>
    <subfield code="d">2007-01-08</subfield>
    <subfield code="l">4</subfield>
    <subfield code="o">HF5549.5T7 G73 2001 </subfield>
    <subfield code="p">11 004638</subfield>
    <subfield code="r">2023-07-17</subfield>
    <subfield code="s">2018-04-16</subfield>
    <subfield code="t">1</subfield>
    <subfield code="w">2012-06-26</subfield>
    <subfield code="y">LB</subfield>
  </datafield>
  <datafield tag="952" ind1=" " ind2=" ">
    <subfield code="0">0</subfield>
    <subfield code="1">0</subfield>
    <subfield code="2">lcc</subfield>
    <subfield code="4">0</subfield>
    <subfield code="7">0</subfield>
    <subfield code="a">22</subfield>
    <subfield code="b">22</subfield>
    <subfield code="d">2007-01-08</subfield>
    <subfield code="l">3</subfield>
    <subfield code="o">HF5549.5T7 G73 2001 </subfield>
    <subfield code="p">11 004639</subfield>
    <subfield code="r">2023-07-17</subfield>
    <subfield code="s">2018-04-13</subfield>
    <subfield code="t">2</subfield>
    <subfield code="w">2012-06-26</subfield>
    <subfield code="y">LB</subfield>
  </datafield>
  <datafield tag="952" ind1=" " ind2=" ">
    <subfield code="0">0</subfield>
    <subfield code="1">0</subfield>
    <subfield code="2">lcc</subfield>
    <subfield code="4">0</subfield>
    <subfield code="7">0</subfield>
    <subfield code="a">22</subfield>
    <subfield code="b">22</subfield>
    <subfield code="d">2007-01-08</subfield>
    <subfield code="l">4</subfield>
    <subfield code="o">HF5549.5T7 G73 2001 </subfield>
    <subfield code="p">11 004640</subfield>
    <subfield code="r">2023-07-17</subfield>
    <subfield code="s">2018-04-12</subfield>
    <subfield code="t">3</subfield>
    <subfield code="w">2012-06-26</subfield>
    <subfield code="y">LB</subfield>
  </datafield>
  <datafield tag="952" ind1=" " ind2=" ">
    <subfield code="0">0</subfield>
    <subfield code="1">0</subfield>
    <subfield code="2">lcc</subfield>
    <subfield code="4">0</subfield>
    <subfield code="7">0</subfield>
    <subfield code="a">22</subfield>
    <subfield code="b">22</subfield>
    <subfield code="d">2008-06-23</subfield>
    <subfield code="l">14</subfield>
    <subfield code="o">HF5549.5T7 G73 2001 </subfield>
    <subfield code="p">11 007182</subfield>
    <subfield code="r">2023-07-17</subfield>
    <subfield code="s">2018-04-16</subfield>
    <subfield code="t">4</subfield>
    <subfield code="w">2012-06-26</subfield>
    <subfield code="y">LB</subfield>
  </datafield>
  <datafield tag="952" ind1=" " ind2=" ">
    <subfield code="0">0</subfield>
    <subfield code="1">0</subfield>
    <subfield code="2">lcc</subfield>
    <subfield code="4">0</subfield>
    <subfield code="7">0</subfield>
    <subfield code="a">22</subfield>
    <subfield code="b">22</subfield>
    <subfield code="d">2014-10-16</subfield>
    <subfield code="l">3</subfield>
    <subfield code="o">HF5549.5T7 G73 2001 </subfield>
    <subfield code="p">11 011118</subfield>
    <subfield code="r">2023-07-17</subfield>
    <subfield code="s">2018-04-16</subfield>
    <subfield code="t">5</subfield>
    <subfield code="w">2014-10-16</subfield>
    <subfield code="y">LB</subfield>
  </datafield>
  <datafield tag="999" ind1=" " ind2=" ">
    <subfield code="c">70914</subfield>
    <subfield code="d">70914</subfield>
  </datafield>
</record>
